| 000 | 00536nam a2200157Ia 4500 | ||
|---|---|---|---|
| 008 | 151213s9999 xx 000 0 und d | ||
| 100 | _aফাহমিদা হোসেন। | ||
| 245 |
_aঅন্যমন অন্য গান। _cফাহমিদা হোসেন। |
||
| 250 | _a১ম সং | ||
| 260 |
_aঢাকা _bজফাহÍা প্রিন্টিং _c1996 |
||
| 300 | _a4323 p. | ||
| 650 | _aBangla | ||
| 650 | _aকবিতা | ||
| 700 | _aফাহমিদা হোসেন। | ||
| 999 |
_c2737 _d2737 |
||